000
00310nam a2200133Ia 4500
005
20260328104333.0
008
260328s9999||||xx |||||||||||||| ||und||
100
_a
Gillemon, Daniele
245
0
_a
Pablo Reinoso /
_c
Daniele Gillemon
260
_b
Avril
300
_a
56 p.
650
_a
ESCULTURA
942
_c
BK
999
_c
11773
_d
11773